Sports Quiz

Random Sports Quiz

2010 Fighting Illini Quiz Stats

 Plays Quiz not verified by Sporcle

Score 0/13 Timer 02:00
0 Plays Today
Position % Correct
GuardDemetri McCamey
94.4%
GuardBrandon Paul
93.5%
GuardD.J. Richardson
91.7%
GuardMike Tisdale
91.7%
ForwardMike Davis
88%
ForwardJereme Richmond
76.9%
ForwardBill Cole
76.9%
CenterMeyers Leonard
73.1%
ForwardTyler Griffey
68.5%
GuardCrandall Head
61.1%
GuardJoseph Bertrand
60.2%
GuardJean Selus
32.4%
GuardKevin Berardini
31.5%

You're not logged in!

Compare scores with friends on all Sporcle quizzes.
OR
Log In

Show Comments

Extras

Created Nov 25, 2010ReportNominate
Tags:2010, fighting, illini

Top Quizzes Today


Score Distribution

Your Account Isn't Verified!

In order to create a playlist on Sporcle, you need to verify the email address you used during registration. Go to your Sporcle Settings to finish the process.

Report this User

Report this user for behavior that violates our Community Guidelines.

Details: